000
00205nam a2200109Ia 4500
100
_a
MERNISSI/FATIMA.
942
_c
BK
245
_a
THE HAREM WITHIN.
260
_b
#N/A
546
_a
ENGLISH
999
_c
33868
_d
33868